书目信息 |
| 题名: |
罗曼诺夫王朝覆灭
|
|
| 作者: | 斯坦伯格 著 | |
| 分册: | ||
| 出版信息: | 北京 新华出版社 1999.01 |
|
| 页数: | 447页 | |
| 开本: | 32开 | |
| 丛书名: | ||
| 单 册: | ||
| 中图分类: | I512.45 | |
| 科图分类: | ||
| 主题词: | 文学 | |
| 电子资源: | ||
| ISBN: | 7-5011-4272-6 | |
| 000 | 00582nam0 2200193 45 | |
| 001 | 0011180966 | |
| 005 | 20001118094227.5 | |
| 010 | @a7-5011-4272-6@d31.00元 | |
| 100 | @a20001118d1999 km y0chiy0120 ea | |
| 101 | 0 | @achi |
| 105 | @a z 000yy | |
| 200 | 1 | @a罗曼诺夫王朝覆灭@ALuo Man Nuo Fu Wang Chao Fu Mie@f(美)斯坦伯格等著;张蓓译@F(Mei)Si Tan Bo Ge Deng Zhu;Zhang Bei Yi |
| 210 | @a北京@c新华出版社@d1999.01 | |
| 215 | @a447页@d32开 | |
| 606 | 0 | @a文学 |
| 690 | @aI512.45@v3 | |
| 701 | 0 | @a斯坦伯格@4著 |
| 801 | @aCN@bPftUser@c20001118 | |
| 905 | @b411908-912@dI512.45@eS072@f5 | |
| 罗曼诺夫王朝覆灭/(美)斯坦伯格等著;张蓓译.-北京:新华出版社,1999.01 |
| 447页;32开 |
| ISBN 7-5011-4272-6:31.00元 |
| ● |
| 相关链接 |
|
|
|
正题名:罗曼诺夫王朝覆灭
索取号:I512.45/S072
 
预约/预借
| 序号 | 登录号 | 条形码 | 馆藏地/架位号 | 状态 | 备注 |
| 1 | 411908 | 204119088 | 社科二线422/422社科库 30排4列4层/ [索取号:I512.45/S072] | 在馆 | |
| 2 | 411909 | 204119097 | 文学库116/116文学库 17排2列1层/ [索取号:I512.45/S072] | 在馆 | |
| 3 | 411910 | 204119104 | 社科二线400B/400B社科库 28排1列6层/ [索取号:I512.45/S072] | 在馆 | |
| 4 | 411911 | 204119113 | 文学库116/116文学库 17排2列1层/ [索取号:I512.45/S072] | 在馆 | |
| 5 | 411912 | 204119122 | 社科二线400B/116文学库 17排2列1层/ [索取号:I512.45/S072] | 在馆 |